World Cities Closest to Frankfurt - One Minute Sprint - Statistics

General Stats
  • This quiz has been taken 76 times
  • The average score is 12 of 30
Answer Stats
km city miles % Correct
424 Berlin 263
89%
305 Munich 189
89%
478 Paris 297
82%
153 Cologne 95
75%
364 Amsterdam 226
74%
393 Hamburg 244
74%
153 Stuttgart 95
68%
318 Brussels 197
63%
183 Düsseldorf 114
60%
638 London 397
54%
598 Vienna 372
49%
305 Zürich 189
49%
184 Dortmund-Essen
The Ruhr
114
45%
357 Rotterdam 222
45%
519 Milan 322
37%
411 Prague 255
34%
562 Lyon 349
32%
672 Copenhagen 418
31%
799 Marseille 497
29%
71 Mannheim 44
25%
566 Turin 352
22%
263 Hanover 163
20%
416 Leipzig 259
17%
326 Antwerp 203
15%
403 Lille 251
14%
781 Birmingham 485
3%
757 Katowice 458
3%
751 Nottingham 466
2%
788 Sheffield 489
2%
719 Southampton 447
2%
No matching quizzes found
Score Distribution
Percent of People with Each Score
Percentile by Number Answered
Your Score History
You have not taken this quiz